书目信息 |
| 题名: |
基督教与文学
|
|
| 作者: | 朱维之 著 | |
| 分册: | ||
| 出版信息: | 长春 吉林出版集团有限责任公司 2010 |
|
| 页数: | 291页 | |
| 开本: | 23cm | |
| 丛书名: | ||
| 单 册: | ||
| 中图分类: | I106.99 | |
| 科图分类: | ||
| 主题词: | 基督教--宗教文学--文学研究 | |
| 电子资源: | ||
| ISBN: | 978-7-5463-3454-7 | |
| 000 | 00781nam0 2200241 450 | |
| 001 | 339013 | |
| 005 | 20150604145631.92 | |
| 010 | @a978-7-5463-3454-7@dCNY40.00 | |
| 100 | @a20101112d2010 em y0chiy50 ea | |
| 101 | 0 | @achi |
| 102 | @aCN@b220000 | |
| 105 | @ay z 000yy | |
| 106 | @ar | |
| 200 | 1 | @a基督教与文学@Aji du jiao yu wen xue@f朱维之著 |
| 210 | @a长春@c吉林出版集团有限责任公司@d2010 | |
| 215 | @a291页@d23cm | |
| 300 | @a民国学术丛刊 文学史 文学理论编 | |
| 330 | @a本书共七章, 包括耶稣与文学、圣经与文学、圣歌与文学、祈祷与文学、说教与文学、诗歌散文与基督教、小说戏剧与基督教。 | |
| 606 | 0 | @a基督教@x宗教文学@x文学研究 |
| 690 | @aI106.99@v5 | |
| 701 | 0 | @a朱维之@Azhu wei zhi@f(1905 1999)@4著 |
| 801 | 0 | @aCN@b卓展宏图@c20150525 |
| 905 | @dI106.99@e225@f5 | |
| 基督教与文学/朱维之著.-长春:吉林出版集团有限责任公司,2010 |
| 291页;23cm |
| 民国学术丛刊 文学史 文学理论编 |
| ISBN 978-7-5463-3454-7:CNY40.00 |
| 本书共七章, 包括耶稣与文学、圣经与文学、圣歌与文学、祈祷与文学、说教与文学、诗歌散文与基督教、小说戏剧与基督教。 |
| ● |
| 相关链接 |
|
|
|
|
正题名:基督教与文学
索取号:I106.99/225
 
预约/预借
| 序号 | 登录号 | 条形码 | 馆藏地/架位号 | 状态 | 备注 |
| 1 | 858936 | 208589366 | 第一样本阅览室/ [索取号:I106.99/225] | 在馆 | |
| 2 | 858937 | 208589375 | 第二借阅区/ [索取号:I106.99/225] | 在馆 | |
| 3 | 858938 | 208589384 | 第二借阅区/ [索取号:I106.99/225] | 在馆 | |
| 4 | 858939 | 208589393 | 第二借阅区/ [索取号:I106.99/225] | 在馆 | |
| 5 | 858940 | 208589400 | 第二借阅区/ [索取号:I106.99/225] | 在馆 |